Largest Settlements that Touch the Lake Balaton - Statistics

General Stats
  • This quiz has been taken 63 times
  • The average score is 18 of 30
Answer Stats
Hint Answer % Correct
Permanent Population 25,468 Siófok
96%
Accomodation Capacity 12,341 Siófok
96%
Permanent Population 19,652 Keszthely
91%
Accomodation Capacity 3,818 Keszthely
91%
Permanent Population 13,138 Balatonfüred
87%
Accomodation Capacity 7,754 Balatonfüred
87%
Permanent Population 2,440 Zamárdi
81%
Accomodation Capacity 14,765 Zamárdi
81%
Accomodation Capacity 2,019 Tihany
79%
Permanent Population 5,269 Balatonlelle
70%
Accomodation Capacity 2,138 Balatonlelle
70%
Permanent Population 4,773 Fonyód
66%
Accomodation Capacity 3,585 Fonyód
66%
Permanent Population 8,640 Balatonalmádi
64%
Accomodation Capacity 1,932 Balatonalmádi
64%
Permanent Population 5,568 Balatonboglár
64%
Permanent Population 2,070 Badacsonytomaj
60%
Permanent Population 2,172 Balatonföldvár
55%
Accomodation Capacity 2,143 Balatonföldvár
55%
Accomodation Capacity 1,856 Balatonakali
53%
Accomodation Capacity 3,206 Balatonszemes
49%
Permanent Population 4,262 Balatonfűzfő
47%
Accomodation Capacity 3,339 Zánka
45%
Accomodation Capacity 2,492 Alsóörs
43%
Permanent Population 2,013 Balatonszárszó
42%
Permanent Population 2,595 Balatonkenese
40%
Accomodation Capacity 1,613 Révfülöp
38%
Permanent Population 2,293 Vonyarcvashegy
26%
Permanent Population 3,667 Gyenesdiás
21%
Accomodation Capacity 1,710 Balatongyörök
13%
No matching quizzes found
Score Distribution
Percent of People with Each Score
Percentile by Number Answered
Your Score History
You have not taken this quiz